00599 a2200181 4500020001500000020001800015082001100033090001500044100002200059245012000081250001200201260002800213300002100241700002200262942002400284999001700308952009200325 a0471651419 a9780471651413 a515.35 c1610d16101 aBrannan, James R.10aDifferential equations :ban introduction to modern methods and applications /cJames R. Brannan, William E. Boyce. a1st ed. a[S.l.] :bWiley,c2006. a704 p. ;c26 cm.1 aBoyce, William E. aSNScBKk515.35 BRA c30219d30219 00104070aSNSbSNSd2016-05-26l0o515.35 BRApSNS0000653r2018-01-09w2016-05-26yBK